00730 a2200205 4500010001400000020002200014035001300036037001800049082000800067090001500075100001400090245008700104260004300191270007400234300003100308700001700339942002300356999001500379952013000394 aENG-85620 a8170634016c80.00 aEN-69153 bD.B.Act / Pub14a500 c3278d32781 aJacob, A.1 aLaboratory skills science and technologycby A. Jacob and Mukesh Jainbfor class X aNew DelhibArya Book Depotc2006 (rpr) a30, Naiwala, Karol BaghbNew DelhicDelhie110005k25721221l25746324 a131 p.billc27.5 cm (Pbk) aJain, Mukesh adplcENk500 / JAC c3215d3215 00102ddc40718NFICaDBADbDBADeDBAD/PUBg80.00l0o500 JACpEN-69153r2008-09-15 00:00:00t1u3422v80.00w2008-09-15yEN